000 01187cam a22003257a 4500
003 CHAP
005 20220329133131.0
008 971013s1991 it r 00010 rng d
010 _a2530
011 _a3502
035 _a2702
040 _cCHAP
082 1 0 _a639.2
_bF46 v.443
110 2 _aFAO. Comisión de Pesca Continental para Africa
_939476
245 1 0 _aReport of the session of the Subcommittee for the Protection and Development of the Fisheries in the Sahelian Zone (4a.)
260 _aRome :
_bFAO,
_c1991
300 _a29 p
490 0 _aFAO. Informe de pesca
_v; 443
500 _aEdición. bilingue (inglés, francés)
590 _aBATCH-UPD
_b10
_c20130110
_lUCH01
_h1043
590 _aCONVERSION
_b10
_c20130109
_lUCH01
_h1303
650 1 4 _aPesca
_xAfrica.
_987354
830 0 _aFAO. Informe de pesca
_v; 443
_939587
901 _aBK
905 _aPatricia Mendoza P.
942 _cLIBRO
949 _a639.2 F46 v.443
_bBC
_cFAO
_d33724000771069
_eFAO2
_fc.3
_gDonaciØn
_h97470
_i2702
_sb
949 _a639.2 F46 v.443
_bBC
_cFAO
_d33724000771077
_eFAO2
_fc.2
_gDonaciØn
_h97469
_i2702
_sb
949 _a639.2 F46 v.443
_bBC
_cFAO
_d33724000771218
_eFAO1
_gDonaciØn
_h97468
_i2702
_sb
999 _c2530
_d2530